The Doors -albumi (1967) - Statistics

Yleistilastot
  • Tätä visaa on pelattu 4 kertaa
  • Keskiarvotulos 6 / 11
Vastaustilastot
Kappale % Oikein
Back Door Man
100%
Light My Fire
100%
Break on Through (To the Other Side)
67%
Soul Kitchen
67%
The Crystal Ship
67%
The End
67%
Alabama Song (Whisky Bar)
33%
End of the Night
33%
I Looked at You
33%
Take It as It Comes
33%
Twentieth Century Fox
33%
Ehtoja vastaavia visoja ei löytynyt
Tulosjakauma
Jokaisen tuloksen saaneiden osuus
Persentiili vastausten määrän mukaan
Tuloshistoriasi
Et ole pelannut tätä visaa